|
|
|
|
| LEADER |
00000cam a2200000 a 4500 |
| 001 |
vtls008724319 |
| 003 |
SK-MaSNL |
| 005 |
20260301205539.0 |
| 008 |
240315s1992 xo r 0 0 0 slo |
| 020 |
|
|
|a 8085170043
|q (brož.)
|c 40.00
|
| 035 |
|
|
|a POKPOH19483
|
| 040 |
|
|
|a SNK
|b slo
|c SNK
|e AACR2
|
| 041 |
0 |
|
|a slo
|
| 044 |
|
|
|a xo
|c SK
|
| 080 |
|
|
|a 26(943.76)
|2 1981
|
| 100 |
1 |
|
|a Vontorčík, Jozef,
|d 1937-2013
|4 aut
|9 257609
|
| 245 |
1 |
2 |
|a A liturgia sclavinica ad provinciam slovacam
|b od slovienskej liturgie ku slovenskej provincii
|c Jozef Vontorčík
|
| 250 |
|
|
|a 1. vyd.
|
| 260 |
|
|
|a Bratislava
|b Univerzitná knižnica
|c 1992
|
| 300 |
|
|
|a 39 s.
|b faksimile
|c 21 cm
|
| 490 |
1 |
|
|a Dokumenty
|v 1
|
| 650 |
0 |
7 |
|a kresťanská kultúra
|2 POKPOH
|9 896
|
| 650 |
0 |
7 |
|a kresťanstvo
|2 POKPOH
|9 2024
|
| 650 |
0 |
7 |
|a dejiny kresťanstva
|2 POKPOH
|9 82542
|
| 650 |
0 |
7 |
|a slovanská liturgia
|2 POKPOH
|9 105490
|
| 651 |
|
7 |
|a Slovensko
|2 POKPOH
|
| 655 |
|
7 |
|a monografie
|2 POKPOH
|9 70139
|
| 830 |
|
0 |
|a Dokumenty
|9 282395
|
| 919 |
|
|
|a 80-85170-04-3
|
| 958 |
|
|
|a NT
|
| 958 |
|
|
|a NB
|
| 958 |
|
|
|a SP
|
| 999 |
|
|
|c 910539
|d 912469
|
| 952 |
|
|
|t P60, <04>, [BOOK], {604}
|a SNK
|b SNK
|y VYP
|7 0
|p 17A0117185
|o snkSC 83162 D1
|0 0
|1 0
|4 0
|d 1998-01-15
|l 0
|r 2004-12-31 00:00:00
|w 2026-02-24
|
| 952 |
|
|
|a SNK
|b SNK
|y PREZ
|7 0
|p 17A0966724
|o snkSC 83162
|0 0
|1 0
|4 0
|d 2012-08-15
|l 0
|r 2025-08-20 00:00:00
|w 2026-02-24
|